000 00346nam a2200157Ia 4500
003 OSt
005 20240210094510.0
008 170524s9999 xx 000 0 und d
020 _a978-0198077091
040 _cIIMT UNIVERSITY
100 _aKUMAR DINESH
100 _c2012
245 0 _aMARKETING CHANNELS
260 _aOXFORD
942 _2ddc
_c01
999 _c2775
_d2775